000 00550nam a2200181Ia 4500
008 151018s9999 xx 000 0 und d
082 _bRBASDV6991
_a891.463
100 _aजयंतराव टिळक
245 _aशिकार
250 _b1
260 _bप्रेस्टीज पब्लिकेशन पुणे
_c1970
300 _a126
600 _aजयंतराव टिळक
630 _aशिकार
700 _aजयंतराव टिळक
730 _aशिकार
942 _cBOOK
999 _c1009360
_d1009357